Tratado de responsabilidad civil
Gespeichert in:
| 1. Verfasser: | |
|---|---|
| Format: | Buch |
| Sprache: | Spanisch |
| Veröffentlicht: |
Bogotá
Legis
2007
|
| Ausgabe: | 2a. ed |
| Schlagworte: | |
| Tags: |
Tag hinzufügen
Keine Tags, Fügen Sie den ersten Tag hinzu!
|
MARC
| LEADER | 00000nam a2200000 a 4500 | ||
|---|---|---|---|
| 001 | UCH5021 | ||
| 003 | CL-VaPUC | ||
| 008 | 090916e20070000CK |||||||||||||||||spa|d | ||
| 020 | |a 9789586535588 | ||
| 082 | 0 | 4 | |a 346.03 |b TAM |2 21 |
| 100 | 0 | |a Tamayo Jaramillo, Javier |e author |9 541134 | |
| 245 | 1 | 0 | |a Tratado de responsabilidad civil |
| 250 | |a 2a. ed | ||
| 300 | |a 2 t | ||
| 942 | |c BK | ||
| 945 | |d 20090916 00:00:00 |a rbrito | ||
| 260 | |a Bogotá |b Legis |c 2007 | ||
| 650 | 7 | |a RESPONSABILIDAD CIVIL |2 CL-VaPUC |9 541135 | |
| 650 | 7 | |a RESPONSABILIDAD CIVIL CONTRACTUAL |2 CL-VaPUC |9 541136 | |
| 650 | 7 | |a CULPA CONTRACTUAL |2 CL-VaPUC |9 385218 | |
| 650 | 0 | |a Obligaciones |9 255578 | |
| 650 | 7 | |a RESPONSABILIDAD CIVIL EXTRACONTRACTUAL |2 CL-VaPUC |9 541137 | |
| 583 | |a last modification |c 20090916 00:00:00 |k Rodrigo Vera | ||
| 999 | |c 336249 |d 336247 | ||
| 952 | |0 0 |1 0 |4 0 |6 346_030000000000000_TAM_2007 |7 0 |8 A |9 427244 |a BIBDER |b BIBDER |d 2019-11-22 |h t.1 |i 460184K |l 2 |o 346.03 TAM 2007 |p 460184K |r 2023-06-30 |s 2023-06-12 |w 2019-11-22 |y BK |k DER | ||
| 952 | |0 0 |1 0 |4 0 |6 346_030000000000000_TAM_2007 |7 0 |8 A |9 427245 |a BIBDER |b BIBDER |d 2019-11-22 |h t.2 |i 4601858 |o 346.03 TAM 2007 |p 4601858 |r 2023-01-25 |w 2019-11-22 |y BK |k DER | ||